Tatsachen und Zahlen aus der Kraftverkehrswirtschaft

Enregistré dans:
Détails bibliographiques
Format: Livre
Langue:Undetermined
Publié: Postfach Reichsverband der Automobilindustrie 1975
Sujets:
Tags: Ajouter un tag
Pas de tags, Soyez le premier à ajouter un tag!
Thư viện lưu trữ: Trung tâm Học liệu Trường Đại học Cần Thơ
LEADER 00522nam a2200181Ia 4500
001 CTU_84482
008 210402s9999 xx 000 0 und d
082 |a 338.7 
082 |b T216 
245 0 |a Tatsachen und Zahlen aus der Kraftverkehrswirtschaft 
260 |a Postfach 
260 |b Reichsverband der Automobilindustrie 
260 |c 1975 
650 |a Automobile industry and trade 
650 |x Yearbooks 
650 |z Germany 
904 |i QHieu(sửa) 
980 |a Trung tâm Học liệu Trường Đại học Cần Thơ